[Event "Montreal op"]
[Site "Montreal CAN"]
[Date "2018.09.09"]
[Round "4.2"]
[White "Chiku-Ratte, Olivier-Kenta"]
[Black "Masse, Hugues"]
[Result "1-0"]
[WhiteElo "2420"]
[BlackElo "2278"]
[PlyCount "75"]
[EventDate "2018.09.07"]
[EventType "swiss"]
[EventRounds "5"]
[EventCountry "CAN"]

1. d4 Nf6 2. c4 e6 3. Nc3 Bb4 4. e3 O-O 5. Nge2 c6 6. Ng3 d5 7. a3 Ba5 8. Qc2
Nbd7 9. b4 Bc7 10. cxd5 Nxd5 11. Bb2 N7f6 12. Bd3 a5 13. b5 Nxc3 14. Bxc3 Bd7
15. bxc6 Bxc6 16. e4 h6 17. O-O a4 18. Qe2 Ba5 19. Bb2 Re8 20. Rad1 Bb6 21. Bb1
Qd7 22. d5 Bb5 23. Bd3 Bxd3 24. Rxd3 e5 25. Nf5 Kh7 26. Kh1 g6 27. Ng3 h5 28.
Bc1 Kg7 29. f4 Ng4 30. f5 Rac8 31. Bg5 f6 32. Bd2 Nxh2 33. Kxh2 h4 34. Nh1 g5
35. d6 Bd4 36. Qh5 Qxd6 37. Qg6+ Kh8 38. Bxg5 1-0

[Event "Montreal op"]
[Site "Montreal CAN"]
[Date "2018.09.09"]
[Round "5.1"]
[White "Yu, Zong Yang"]
[Black "Chiku-Ratte, Olivier-Kenta"]
[Result "1-0"]
[WhiteElo "2452"]
[BlackElo "2420"]
[PlyCount "101"]
[EventDate "2018.09.07"]
[EventType "swiss"]
[EventRounds "5"]
[EventCountry "CAN"]

1. d4 Nf6 2. c4 g6 3. Nc3 Bg7 4. e4 d6 5. Be2 O-O 6. Nf3 c5 7. O-O Bg4 8. d5 e6
9. dxe6 Bxe6 10. Bf4 Ne8 11. e5 Nc6 12. exd6 Nd4 13. Nxd4 Bxd4 14. Nb5 Bg7 15.
Qb3 a6 16. Nc7 Nxc7 17. dxc7 Qd4 18. Qe3 b5 19. cxb5 axb5 20. Qxd4 Bxd4 21.
Bxb5 Bxb2 22. Rab1 Rxa2 23. Rfe1 Bd4 24. Re2 Ra7 25. Rxe6 fxe6 26. Bc4 Kf7 27.
Rb8 Ra8 28. Rxf8+ Rxf8 29. Ba6 e5 30. Be3 Bxe3 31. fxe3 c4 32. Kf2 Ke6+ 33. Ke2
Kd7 34. c8=Q+ Rxc8 35. Bxc8+ Kxc8 36. Kd2 Kd7 37. Kc3 Kd6 38. Kxc4 h6 39. e4
Kc6 40. g3 h5 41. h4 Kd6 42. Kb5 g5 43. Kb6 Ke7 44. Kc6 Ke6 45. Kc5 Ke7 46. Kd5
Kf6 47. Kd6 gxh4 48. gxh4 Kf7 49. Kxe5 Ke7 50. Kf5 Kf7 51. Kg5 1-0

[Event "Calgary int."]
[Site "Calgary CAN"]
[Date "2018.08.14"]
[Round "1.6"]
[White "Landingin, Jofrei"]
[Black "Chiku-Ratte, Olivier-Kenta"]
[Result "0-1"]
[WhiteElo "1823"]
[BlackElo "2311"]
[PlyCount "90"]
[EventDate "2018.08.14"]
[EventType "swiss"]
[EventRounds "9"]
[EventCountry "CAN"]
[Source "Mark Crowther"]
[SourceDate "2018.08.20"]

1. e4 c5 2. d3 Nc6 3. Nf3 g6 4. g3 Bg7 5. Bg2 d6 6. O-O Bg4 7. h3 Bxf3 8. Bxf3
Nf6 9. Nd2 O-O 10. Re1 Qc7 11. Bg2 Nd7 12. Nf3 b5 13. c3 a5 14. a3 a4 15. d4
Na5 16. Bf4 e5 17. dxe5 dxe5 18. Be3 Nc4 19. Qe2 Ndb6 20. Rad1 h6 21. Bc1 Qe7
22. Nd2 Nd6 23. Nf1 Rad8 24. Ne3 Ndc4 25. Nd5 Nxd5 26. Rxd5 Rxd5 27. exd5 f5
28. Rd1 h5 29. h4 Qd6 30. Qe1 Nb6 31. Bf1 c4 32. Bg5 Nd7 33. Qe3 e4 34. Bh6 Kh7
35. Bxg7 Kxg7 36. Qa7 Rf7 37. Qb7 Ne5 38. Qxb5 f4 39. Qb4 Qf6 40. Qc5 fxg3 41.
fxg3 Qf3 42. Qd4 Qxg3+ 43. Bg2 Kh7 44. Rf1 Nf3+ 45. Rxf3 exf3 0-1

[Event "Calgary int."]
[Site "Calgary CAN"]
[Date "2018.08.17"]
[Round "6.3"]
[White "Chiku-Ratte, Olivier-Kenta"]
[Black "Hambleton, Aman"]
[Result "0-1"]
[WhiteElo "2311"]
[BlackElo "2497"]
[PlyCount "78"]
[EventDate "2018.08.14"]
[EventType "swiss"]
[EventRounds "9"]
[EventCountry "CAN"]
[Source "Mark Crowther"]
[SourceDate "2018.08.20"]

1. d4 Nf6 2. c4 e6 3. Nf3 b6 4. g3 Bb7 5. Bg2 g6 6. O-O Bg7 7. Nc3 Ne4 8. Nxe4
Bxe4 9. Bg5 f6 10. Bd2 O-O 11. Bc3 f5 12. Rc1 Nc6 13. d5 Bxc3 14. Rxc3 exd5 15.
cxd5 Nb4 16. Qb3 Nxd5 17. Ne1 Rf7 18. f3 Nxc3 19. fxe4 Nxe2+ 20. Kh1 Nd4 21.
Qc3 c5 22. exf5 Rxf5 23. Rxf5 gxf5 24. Bd5+ Kg7 25. Qe3 d6 26. Nd3 Rc8 27. Nf4
Qe8 28. Ne6+ Kh8 29. Qc3 Qb5 30. Bc4 Qc6+ 31. Kg1 Qe4 32. Ng5 Qe7 33. h4 Re8
34. Kf2 d5 35. Bf1 f4 36. gxf4 h6 37. Nf3 Qe4 38. Bg2 Qxf4 39. Kf1 Re3 0-1

[Event "Calgary int."]
[Site "Calgary CAN"]
[Date "2018.08.19"]
[Round "9.2"]
[White "Zierk, Steven"]
[Black "Chiku-Ratte, Olivier-Kenta"]
[Result "1-0"]
[WhiteElo "2491"]
[BlackElo "2311"]
[PlyCount "85"]
[EventDate "2018.08.14"]
[EventType "swiss"]
[EventRounds "9"]
[EventCountry "CAN"]
[Source "Mark Crowther"]
[SourceDate "2018.08.20"]

1. d4 Nf6 2. Bf4 g6 3. Nf3 Bg7 4. e3 O-O 5. Be2 d6 6. O-O c5 7. h3 b6 8. c4 Bb7
9. Nc3 Ne4 10. Nxe4 Bxe4 11. Qd2 Qc7 12. d5 Bxf3 13. Bxf3 Qb7 14. Be2 Na6 15.
Rab1 Nc7 16. a4 Na6 17. e4 Nb4 18. Qd1 Qc7 19. Bd2 e6 20. f4 exd5 21. cxd5 Rae8
22. Bf3 Qb7 23. Bc3 f5 24. exf5 Rxf5 25. Bg4 Rxd5 26. Qb3 Qf7 27. Bxb4 Bd4+ 28.
Kh1 cxb4 29. Rbe1 Rxe1 30. Rxe1 Rf5 31. Qd3 Bf2 32. Re2 Bc5 33. Bxf5 Qxf5 34.
Qxf5 gxf5 35. Re7 b3 36. Rxa7 Bd4 37. Rb7 Kf8 38. g4 Ke8 39. gxf5 Kd8 40. f6
Bxf6 41. Rxb6 Bxb2 42. Rxb3 Bc1 43. a5 1-0

[Event "Montreal Summer Classic"]
[Site "Montreal CAN"]
[Date "2018.07.30"]
[Round "1"]
[White "Kavutskiy, Konstantin"]
[Black "Chiku-Ratte, Olivier-Kenta"]
[Result "0-1"]
[WhiteElo "2409"]
[BlackElo "2278"]
[PlyCount "64"]
[EventDate "2018.07.30"]
[EventType "tourn"]
[EventRounds "9"]
[EventCountry "CAN"]

1. c4 Nf6 2. Nc3 g6 3. d4 Bg7 4. e4 d6 5. Be2 O-O 6. Nf3 c5 7. d5 e6 8. O-O
exd5 9. exd5 Bf5 10. h3 Ne4 11. Nxe4 Bxe4 12. Ng5 Re8 13. Bd3 Bxd3 14. Qxd3 h6
15. Ne4 Nd7 16. Bd2 f5 17. Ng3 Qh4 18. f4 Bxb2 19. Rae1 Bd4+ 20. Kh1 Rxe1 21.
Bxe1 Qe7 22. Bd2 Re8 23. Re1 Qxe1+ 24. Bxe1 Rxe1+ 25. Nf1 Nf6 26. Kh2 Ne4 27.
Qf3 Nf2 28. Ng3 h5 29. Nxh5 Ne4 30. g4 Re3 31. Qf1 gxh5 32. gxh5 Rg3 0-1

[Event "Montreal Summer Classic"]
[Site "Montreal CAN"]
[Date "2018.07.31"]
[Round "2.3"]
[White "Chiku-Ratte, Olivier-Kenta"]
[Black "Yu, Zong Yang"]
[Result "1/2-1/2"]
[WhiteElo "2278"]
[BlackElo "2389"]
[PlyCount "61"]
[EventDate "2018.07.30"]
[EventType "tourn"]
[EventRounds "9"]
[EventCountry "CAN"]

1. d4 Nf6 2. c4 e6 3. Nf3 b6 4. g3 Bb7 5. Bg2 Be7 6. d5 exd5 7. Nh4 c6 8. cxd5
Nxd5 9. Nf5 O-O 10. O-O Nc7 11. Nc3 d5 12. e4 Bf6 13. exd5 cxd5 14. Re1 Nba6
15. Bf4 Nc5 16. Nd6 Bc6 17. Nxd5 Nxd5 18. Bxd5 Bxd5 19. Qxd5 Bxb2 20. Rad1 Qd7
21. Qf3 Bf6 22. Ne4 Qf5 23. Rd5 Qg6 24. Bd6 Rfd8 25. Bxc5 bxc5 26. Nxc5 Rac8
27. Nd7 Bc3 28. Red1 Re8 29. h4 h6 30. Kg2 Qe4 31. Nc5 1/2-1/2

[Event "Montreal Summer Classic"]
[Site "Montreal CAN"]
[Date "2018.07.31"]
[Round "3.4"]
[White "Hua, Eugene"]
[Black "Chiku-Ratte, Olivier-Kenta"]
[Result "1/2-1/2"]
[WhiteElo "2340"]
[BlackElo "2278"]
[PlyCount "64"]
[EventDate "2018.07.30"]
[EventType "tourn"]
[EventRounds "9"]
[EventCountry "CAN"]

1. e4 c5 2. Nf3 d6 3. d4 Nf6 4. Nc3 cxd4 5. Nxd4 g6 6. Be3 Bg7 7. f3 a6 8. Qd2
Nbd7 9. a4 h5 10. Be2 b6 11. Nd5 Bb7 12. c4 O-O 13. O-O e6 14. Nc3 d5 15. cxd5
exd5 16. exd5 Nxd5 17. Nxd5 Bxd5 18. Nf5 gxf5 19. Qxd5 Re8 20. Bc4 Ne5 21. Qxd8
Rexd8 22. Rac1 Nxc4 23. Rxc4 b5 24. axb5 axb5 25. Rh4 Rd3 26. Bf2 Rd2 27. Rxh5
Bxb2 28. Rg5+ Bg7 29. Rb1 b4 30. Be1 Rdd8 31. Rxf5 b3 32. Rb5 b2 1/2-1/2

[Event "Montreal Summer Classic"]
[Site "Montreal CAN"]
[Date "2018.08.01"]
[Round "4"]
[White "Chiku-Ratte, Olivier-Kenta"]
[Black "Chen, Richard"]
[Result "1-0"]
[WhiteElo "2278"]
[BlackElo "2312"]
[PlyCount "101"]
[EventDate "2018.07.30"]
[EventType "tourn"]
[EventRounds "9"]
[EventCountry "CAN"]

1. d4 d5 2. c4 c6 3. Nc3 e6 4. e3 Nf6 5. Nf3 Nbd7 6. Qc2 Bd6 7. Bd3 O-O 8. O-O
dxc4 9. Bxc4 b5 10. Be2 Bb7 11. e4 e5 12. dxe5 Nxe5 13. Nd4 Neg4 14. g3 Bc5 15.
Nf5 Re8 16. Bxg4 Nxg4 17. Bf4 Qf6 18. h3 Ne5 19. Kg2 b4 20. Nd1 Bf8 21. Nde3
Ng6 22. Ng4 Qe6 23. f3 Nxf4+ 24. gxf4 c5 25. Nfe3 h5 26. Ne5 Bc8 27. Rh1 Bb7
28. Kf2 Rad8 29. b3 Qf6 30. Ng2 Bd6 31. Nd3 Qd4+ 32. Kg3 Re6 33. Rad1 Qf6 34.
Kh2 Bf8 35. e5 Qe7 36. Qe2 Ba6 37. Qc2 Rc6 38. Nxb4 Rh6 39. Nd5 Qe8 40. Qd2 Rc8
41. Nge3 Bb7 42. Nf5 Rg6 43. Nh4 Ra6 44. Qe2 Qe6 45. Ne3 Qh6 46. Nhg2 Re6 47.
Nf5 Qh7 48. Nge3 g6 49. Rhg1 Kh8 50. Nd6 Qh6 51. Nxf7+ 1-0

[Event "Montreal Summer Classic"]
[Site "Montreal CAN"]
[Date "2018.08.01"]
[Round "5"]
[White "Ostrovskiy, Aleksandr"]
[Black "Chiku-Ratte, Olivier-Kenta"]
[Result "1-0"]
[WhiteElo "2424"]
[BlackElo "2278"]
[PlyCount "83"]
[EventDate "2018.07.30"]
[EventType "tourn"]
[EventRounds "9"]
[EventCountry "CAN"]

1. c4 Nf6 2. Nc3 g6 3. e4 d6 4. d4 Bg7 5. Be2 O-O 6. Be3 c5 7. d5 e6 8. Nf3
exd5 9. cxd5 b5 10. e5 Ng4 11. Bg5 Qa5 12. exd6 b4 13. Ne4 f6 14. Bc1 Nd7 15.
O-O Nge5 16. Nfd2 Qd8 17. Nb3 Nf7 18. Be3 f5 19. Nexc5 Nxc5 20. Bxc5 Nxd6 21.
Bxb4 Bxb2 22. Rb1 Be5 23. Nd4 Ne4 24. Nc6 Qc7 25. Nxe5 Qxe5 26. Rb3 Rd8 27. Ba5
Rxd5 28. Bc4 Be6 29. Bxd5 Qxd5 30. Qxd5 Bxd5 31. Rb2 Kf7 32. f3 Nf6 33. Rc1 a6
34. Rc7+ Kg8 35. Re2 Ne8 36. Rd7 Bc4 37. Ree7 Nf6 38. Rc7 Bxa2 39. Rg7+ Kh8 40.
Bc3 Rf8 41. g4 h6 42. Rxg6 1-0

[Event "Montreal Summer Classic"]
[Site "Montreal CAN"]
[Date "2018.08.02"]
[Round "6"]
[White "Ragnarsson, Dagur"]
[Black "Chiku-Ratte, Olivier-Kenta"]
[Result "1-0"]
[WhiteElo "2247"]
[BlackElo "2278"]
[PlyCount "85"]
[EventDate "2018.07.30"]
[EventType "tourn"]
[EventRounds "9"]
[EventCountry "CAN"]

1. d4 Nf6 2. c4 g6 3. f3 Bg7 4. e4 d6 5. Ne2 O-O 6. Nec3 c5 7. d5 e6 8. Be2
exd5 9. cxd5 Nh5 10. O-O Re8 11. g4 Nf6 12. Kh1 a6 13. a4 Nfd7 14. Bf4 Ne5 15.
Nd2 Nbd7 16. Bg3 g5 17. Qc2 Nf8 18. Nd1 Nfg6 19. Ne3 Nf4 20. Rfe1 h5 21. gxh5
Nxh5 22. Bf2 Ng6 23. Nf5 Be5 24. Rg1 Bf4 25. Nc4 Bxf5 26. exf5 Ne5 27. h4 Nxc4
28. Qxc4 Kf8 29. hxg5 Bxg5 30. Qg4 Rxe2 31. Qxh5 Rxf2 32. Rae1 Qf6 33. Rxg5
Rxf3 34. Qg4 Qh6+ 35. Kg1 f6 36. Rg8+ Kf7 37. Rxa8 Qg5 38. Qxg5 fxg5 39. Rd8
Rb3 40. Re6 Rxb2 41. Rd7+ Kf8 42. f6 c4 43. Ree7 1-0

[Event "Montreal Summer Classic"]
[Site "Montreal CAN"]
[Date "2018.08.02"]
[Round "7"]
[White "Chiku-Ratte, Olivier-Kenta"]
[Black "Duong, Thanh Nha"]
[Result "1-0"]
[WhiteElo "2278"]
[BlackElo "2207"]
[PlyCount "45"]
[EventDate "2018.07.30"]
[EventType "tourn"]
[EventRounds "9"]
[EventCountry "CAN"]

1. d4 Nf6 2. c4 c5 3. d5 e5 4. Nc3 d6 5. e4 Be7 6. Bd3 O-O 7. g3 Nbd7 8. Be3 a6
9. f3 Ne8 10. Nge2 Bg5 11. f4 exf4 12. gxf4 Bh4+ 13. Ng3 Qe7 14. Qf3 Ndf6 15.
O-O Nc7 16. Kh1 Re8 17. Rae1 Ng4 18. Bd2 Qd7 19. Nf5 Bxe1 20. Qxg4 g6 21. Bxe1
Kf8 22. Qh4 Qe7 23. Ng3 1-0

[Event "Montreal Summer Classic"]
[Site "Montreal CAN"]
[Date "2018.08.03"]
[Round "8"]
[White "Rodrigue-Lemieux, Shawn"]
[Black "Chiku-Ratte, Olivier-Kenta"]
[Result "1-0"]
[WhiteElo "2267"]
[BlackElo "2278"]
[PlyCount "83"]
[EventDate "2018.07.30"]
[EventType "tourn"]
[EventRounds "9"]
[EventCountry "CAN"]

1. d4 Nf6 2. Nf3 g6 3. Bg5 Bg7 4. Nbd2 O-O 5. c3 d6 6. e4 c5 7. dxc5 dxc5 8.
Bc4 Nc6 9. Qe2 h6 10. Bh4 Nh5 11. Qe3 b6 12. O-O Qc7 13. Rfe1 g5 14. Bxg5 hxg5
15. Qxg5 Nf6 16. e5 Ng4 17. Re4 Ncxe5 18. Bd5 Bb7 19. Bxb7 Qxb7 20. Rae1 Qc6
21. Nxe5 Nxe5 22. Rxe5 e6 23. Qg3 Qc7 24. Nf3 Rfd8 25. Qg4 Kf8 26. Rh5 Qe7 27.
h4 Qf6 28. Re4 Bh6 29. Re1 Rd5 30. Rxd5 exd5 31. Re5 Rd8 32. Rf5 Qg7 33. Qh5
Kg8 34. Ne5 Re8 35. Rxf7 Qxe5 36. Qg6+ Bg7 37. Rxg7+ Qxg7 38. Qxe8+ Kh7 39.
Qh5+ Kg8 40. Qxd5+ Kh7 41. Qh5+ Kg8 42. Qg5 1-0

[Event "Montreal Summer Classic"]
[Site "Montreal CAN"]
[Date "2018.08.03"]
[Round "9.4"]
[White "Chiku-Ratte, Olivier-Kenta"]
[Black "Rozman, Levy"]
[Result "1-0"]
[WhiteElo "2278"]
[BlackElo "2417"]
[PlyCount "47"]
[EventDate "2018.07.30"]
[EventType "tourn"]
[EventRounds "9"]
[EventCountry "CAN"]

1. d4 d6 2. c4 f5 3. Nc3 Nf6 4. g3 g6 5. Bg2 Bg7 6. Nf3 O-O 7. O-O e6 8. Qc2
Nc6 9. d5 Nb4 10. Qb3 Na6 11. dxe6 Nc5 12. Qc2 h6 13. Nh4 Kh7 14. e4 Ncxe4 15.
Nxe4 Nxe4 16. Bxe4 fxe4 17. Nxg6 Kxg6 18. Qxe4+ Kf6 19. Re1 Re8 20. Qf4+ Kg6
21. Qf7+ Kh7 22. e7 Qd7 23. Bxh6 Kxh6 24. Re4 1-0

[Event "Quebec op"]
[Site "Longueuil CAN"]
[Date "2018.07.21"]
[Round "1.8"]
[White "Poulin, Maurice"]
[Black "Chiku-Ratte, Olivier-Kenta"]
[Result "0-1"]
[WhiteElo "1970"]
[BlackElo "2278"]
[PlyCount "44"]
[EventDate "2018.07.21"]
[EventType "swiss"]
[EventRounds "9"]
[EventCountry "CAN"]

1. e4 c5 2. Nf3 g6 3. Nc3 Bg7 4. d4 cxd4 5. Nxd4 Nc6 6. Be3 Nf6 7. Nxc6 bxc6 8.
e5 Nd5 9. Nxd5 cxd5 10. Qxd5 Rb8 11. O-O-O Qc7 12. f4 O-O 13. Qc5 Qb7 14. b3 d6
15. Qxa7 Qc6 16. Qxe7 Bf5 17. Bc4 Qxg2 18. Bd2 Qe4 19. Bd3 Qd4 20. Be1 Bg4 21.
Bg3 dxe5 22. fxe5 Qa1+ 0-1

[Event "Quebec op"]
[Site "Longueuil CAN"]
[Date "2018.07.22"]
[Round "2.8"]
[White "Chiku-Ratte, Olivier-Kenta"]
[Black "Malek, Omid"]
[Result "1-0"]
[WhiteElo "2278"]
[BlackElo "2055"]
[PlyCount "45"]
[EventDate "2018.07.21"]
[EventType "swiss"]
[EventRounds "9"]
[EventCountry "CAN"]

1. d4 Nf6 2. c4 e6 3. Nc3 Bb4 4. e3 b6 5. Nge2 c5 6. a3 Ba5 7. Rb1 Qe7 8. Bd2
O-O 9. d5 exd5 10. cxd5 Bb7 11. Ng3 Bxc3 12. Bxc3 d6 13. Nf5 Qd8 14. Bd3 Nbd7
15. f4 Bxd5 16. Nxg7 Kxg7 17. Qg4+ Kh8 18. Qf5 Kg8 19. Qg5+ Kh8 20. Qh6 Ne5 21.
fxe5 Ne4 22. exd6+ f6 23. O-O 1-0

[Event "Quebec op"]
[Site "Longueuil CAN"]
[Date "2018.07.23"]
[Round "4.8"]
[White "Chiku-Ratte, Olivier-Kenta"]
[Black "Van Hoolandt, Patrick"]
[Result "1-0"]
[WhiteElo "2278"]
[BlackElo "2065"]
[PlyCount "55"]
[EventDate "2018.07.21"]
[EventType "swiss"]
[EventRounds "9"]
[EventCountry "CAN"]

1. d4 Nf6 2. c4 e6 3. Nc3 Bb4 4. e3 O-O 5. Nge2 d5 6. a3 Be7 7. cxd5 exd5 8.
Nf4 a5 9. Bd3 c6 10. O-O Na6 11. f3 Nc7 12. Bd2 Re8 13. Kh1 c5 14. dxc5 Bxc5
15. e4 dxe4 16. Nxe4 Bd4 17. Qc2 g6 18. Rad1 Ne6 19. Bb5 Nd7 20. Nxe6 Rxe6 21.
Bg5 Qb6 22. Qa4 Nc5 23. Qxd4 Nxe4 24. Qd8+ Kg7 25. fxe4 Qxb5 26. Bf6+ Kh6 27.
Qf8+ Kh5 28. Rd5+ 1-0

[Event "Quebec op"]
[Site "Longueuil CAN"]
[Date "2018.07.24"]
[Round "5.4"]
[White "Ouellet, Maili-Jade"]
[Black "Chiku-Ratte, Olivier-Kenta"]
[Result "0-1"]
[WhiteElo "2197"]
[BlackElo "2278"]
[PlyCount "174"]
[EventDate "2018.07.21"]
[EventType "swiss"]
[EventRounds "9"]
[EventCountry "CAN"]

1. e4 c5 2. Nf3 g6 3. c4 Bg7 4. d4 cxd4 5. Nxd4 Nc6 6. Be3 Nf6 7. Nc3 d6 8. Be2
O-O 9. O-O Bd7 10. Nc2 Rc8 11. f3 Qa5 12. Qd2 Rfe8 13. Rac1 Be6 14. Nd5 Qxa2
15. Ra1 Qb3 16. Ra3 Qxb2 17. Raa1 Qe5 18. f4 Nxe4 19. fxe5 Nxd2 20. Bxd2 Nxe5
21. Nce3 Nc6 22. Rab1 b6 23. Nf4 Bd7 24. g4 Nd4 25. Kf2 Nc6 26. Rfc1 Be5 27.
Ned5 Nd4 28. h3 Bc6 29. Nd3 Bg7 30. Be3 e6 31. Nc3 Nxe2 32. Kxe2 d5 33. Nb5
dxc4 34. Nf2 Re7 35. Nd6 Rcc7 36. Nxc4 Bd5 37. Nd2 Ba2 38. Rxc7 Rxc7 39. Rd1
Bd5 40. Nd3 h6 41. Nf4 Bb7 42. Nf3 Rc2+ 43. Rd2 Rxd2+ 44. Nxd2 e5 45. Nd3 Ba6
46. Bf2 f5 47. Ke3 f4+ 48. Ke2 Kf7 49. Ne4 Ke6 50. Kd2 Bb5 51. Nb4 Bf1 52. h4
Bf8 53. Nc2 Bg2 54. Nc3 Bf3 55. Nb5 Bxg4 56. Nxa7 Be7 57. Nc8 Bf6 58. Nxb6 Bf3
59. Ne1 Bc6 60. Nc4 Bb5 61. Na3 Bf1 62. Nac2 Kf5 63. Nf3 Ba6 64. Nh2 Bb7 65.
Ke2 g5 66. hxg5 hxg5 67. Nb4 g4 68. Nf1 Be7 69. Nc2 Ba6+ 70. Ke1 Ke4 71. Nd2+
Kf5 72. Kd1 g3 73. Bg1 Kg4 74. Ne1 Bb4 75. Bb6 Kf5 76. Bg1 e4 77. Nc2 Bd6 78.
Ke1 Bd3 79. Kd1 f3 80. Ne3+ Kg5 81. Nec4 Bc7 82. Be3+ Kg4 83. Ke1 Kh3 84. Nb2
Bf4 85. Nxd3 Bxe3 86. Nxe4 g2 87. Ndf2+ Kh4 0-1

[Event "Quebec op"]
[Site "Longueuil CAN"]
[Date "2018.07.25"]
[Round "6.1"]
[White "Chiku-Ratte, Olivier-Kenta"]
[Black "Preotu, Razvan"]
[Result "1/2-1/2"]
[WhiteElo "2278"]
[BlackElo "2495"]
[PlyCount "68"]
[EventDate "2018.07.21"]
[EventType "swiss"]
[EventRounds "9"]
[EventCountry "CAN"]

1. d4 Nf6 2. c4 e6 3. Nc3 Bb4 4. e3 O-O 5. Nge2 d5 6. a3 Be7 7. cxd5 exd5 8.
Nf4 c6 9. Bd3 Na6 10. O-O Nc7 11. f3 Re8 12. Kh1 c5 13. dxc5 Bxc5 14. e4 dxe4
15. Nxe4 Be7 16. Qc2 h6 17. Rd1 Bd7 18. Be3 Nfd5 19. Nxd5 Nxd5 20. Bd4 Nf4 21.
Bc4 Qc8 22. Qb3 Be6 23. Bxe6 Nxe6 24. Be5 b6 25. Rac1 Qa6 26. Qc4 Qxc4 27. Rxc4
Rad8 28. Rcc1 Nc5 29. Nxc5 Rxd1+ 30. Rxd1 Bxc5 31. Bc3 Re2 32. h4 h5 33. Kh2
Be7 34. Rd5 Bxh4 1/2-1/2

[Event "Quebec op"]
[Site "Longueuil CAN"]
[Date "2018.07.26"]
[Round "7.2"]
[White "Edouard, Romain"]
[Black "Chiku-Ratte, Olivier-Kenta"]
[Result "1-0"]
[WhiteElo "2638"]
[BlackElo "2278"]
[PlyCount "77"]
[EventDate "2018.07.21"]
[EventType "swiss"]
[EventRounds "9"]
[EventCountry "CAN"]

1. e4 c5 2. Nf3 g6 3. d4 cxd4 4. Nxd4 Bg7 5. c4 Nc6 6. Be3 Nf6 7. Nc3 d6 8. Be2
O-O 9. O-O Bd7 10. h3 Nxd4 11. Bxd4 a5 12. Qc2 Bc6 13. Rad1 Qc7 14. Rfe1 Nd7
15. Bxg7 Kxg7 16. b3 Nf6 17. Qb2 e5 18. Bf3 Rad8 19. Qa3 Rd7 20. Rd3 Rfd8 21.
Red1 h5 22. h4 b6 23. g3 Bb7 24. Qc1 Qc5 25. Na4 Qc6 26. Qe3 b5 27. cxb5 Qxb5
28. Nb6 Rc7 29. Nc4 Ne8 30. Bxh5 f6 31. Bf3 Rcd7 32. h5 gxh5 33. Bxh5 d5 34. a4
dxc4 35. axb5 cxd3 36. Bxe8 Rxe8 37. Rxd3 Red8 38. Rxd7+ Rxd7 39. f3 1-0

[Event "Quebec op"]
[Site "Longueuil CAN"]
[Date "2018.07.27"]
[Round "8.4"]
[White "Chiku-Ratte, Olivier-Kenta"]
[Black "Bremner, William"]
[Result "1-0"]
[WhiteElo "2278"]
[BlackElo "1684"]
[PlyCount "59"]
[EventDate "2018.07.21"]
[EventType "swiss"]
[EventRounds "9"]
[EventCountry "CAN"]

1. d4 Nf6 2. c4 e6 3. Nc3 Bb4 4. e3 O-O 5. Nge2 d5 6. Nf4 c6 7. cxd5 exd5 8.
Bd3 Be7 9. a3 Re8 10. O-O Nbd7 11. f3 Nf8 12. Kh1 Ng6 13. Qc2 Nxf4 14. exf4 Qb6
15. Be3 Bd6 16. Qd2 Qc7 17. Ne2 Nh5 18. g4 Nf6 19. Ng3 g6 20. Kg2 Nd7 21. Rae1
Nf8 22. f5 Bd7 23. Bh6 Rxe1 24. Rxe1 Re8 25. Nh5 Qd8 26. Bg5 Be7 27. Bxe7 Rxe7
28. Qh6 f6 29. fxg6 hxg6 30. Bxg6 1-0

[Event "Quebec op"]
[Site "Longueuil CAN"]
[Date "2018.07.28"]
[Round "9.3"]
[White "Mikhalevski, Victor"]
[Black "Chiku-Ratte, Olivier-Kenta"]
[Result "1/2-1/2"]
[WhiteElo "2583"]
[BlackElo "2278"]
[PlyCount "46"]
[EventDate "2018.07.21"]
[EventType "swiss"]
[EventRounds "9"]
[EventCountry "CAN"]

1. d4 Nf6 2. Bg5 g6 3. Nd2 Bg7 4. e3 O-O 5. Ngf3 d6 6. Be2 c5 7. dxc5 dxc5 8.
c3 Nc6 9. O-O Bf5 10. Qb3 Qc8 11. Qa3 Nd7 12. h3 h6 13. Bh4 Re8 14. e4 Be6 15.
Bg3 Nce5 16. Rad1 Nxf3+ 17. Nxf3 Qc6 18. Rfe1 b5 19. Qa5 a6 20. Bf1 Qb6 21. Bc7
Qc6 22. Bg3 Qb6 23. Bc7 Qc6 1/2-1/2

[Event "CAN-op"]
[Site "Quebec CAN"]
[Date "2018.07.07"]
[Round "1.8"]
[White "Chiku-Ratte, Olivier-Kenta"]
[Black "Abbas, Talal"]
[Result "1-0"]
[WhiteElo "2278"]
[BlackElo "1886"]
[PlyCount "65"]
[EventDate "2018.07.07"]
[EventType "swiss"]
[EventRounds "9"]
[EventCountry "CAN"]

1. d4 e6 2. c4 Nf6 3. Nc3 Bb4 4. e3 b6 5. Nge2 Bb7 6. a3 Bxc3+ 7. Nxc3 O-O 8.
Bd3 d5 9. cxd5 exd5 10. O-O Nbd7 11. b4 c5 12. Ne2 Re8 13. dxc5 bxc5 14. Bb2
Ne4 15. Nf4 Ndf6 16. f3 Ng5 17. bxc5 Rxe3 18. Bd4 Re8 19. Bb5 Rf8 20. c6 Bc8
21. Bc5 Ne6 22. Nxe6 Bxe6 23. Bxf8 Qb6+ 24. Kh1 Qxb5 25. Be7 Qxc6 26. Qd4 Ne8
27. Rac1 Qd7 28. Bc5 Nd6 29. Rfd1 Nf5 30. Qf4 Rd8 31. Bb4 Qa4 32. g4 Nd6 33.
Bxd6 1-0

[Event "CAN-op"]
[Site "Quebec CAN"]
[Date "2018.07.08"]
[Round "2.7"]
[White "Callier, Christophe"]
[Black "Chiku-Ratte, Olivier-Kenta"]
[Result "0-1"]
[WhiteElo "1970"]
[BlackElo "2278"]
[PlyCount "76"]
[EventDate "2018.07.07"]
[EventType "swiss"]
[EventRounds "9"]
[EventCountry "CAN"]

1. e4 c5 2. Nf3 g6 3. d4 cxd4 4. Nxd4 Bg7 5. Nc3 Nc6 6. Be3 Nf6 7. Bc4 Qa5 8.
O-O O-O 9. Nb3 Qc7 10. f4 d6 11. Be2 b6 12. Bf3 Bb7 13. h4 h5 14. g4 hxg4 15.
Bxg4 e5 16. f5 Nd4 17. Nxd4 Nxg4 18. Ndb5 Nxe3 19. Nxc7 Nxd1 20. Raxd1 Rad8 21.
N7b5 gxf5 22. Rxf5 Rd7 23. Rxd6 Rfd8 24. Rxd7 Rxd7 25. Nxa7 Bxe4 26. Nxe4 Rxa7
27. a3 Ra4 28. Nf6+ Kf8 29. Nd7+ Ke7 30. Nxb6 Rxh4 31. Rg5 Bh8 32. a4 e4 33. c3
Ke6 34. a5 Bf6 35. Rg8 Be7 36. b4 e3 37. a6 e2 38. Kf2 Rh2+ 0-1

[Event "CAN-op"]
[Site "Quebec CAN"]
[Date "2018.07.08"]
[Round "3.5"]
[White "Chiku-Ratte, Olivier-Kenta"]
[Black "Kaufman, Raymond"]
[Result "1-0"]
[WhiteElo "2278"]
[BlackElo "2201"]
[PlyCount "95"]
[EventDate "2018.07.07"]
[EventType "swiss"]
[EventRounds "9"]
[EventCountry "CAN"]

1. d4 Nf6 2. c4 e6 3. Nc3 Bb4 4. e3 b6 5. Nge2 Ne4 6. Qc2 Bb7 7. Ng3 Qh4 8.
Ngxe4 Bxe4 9. Qb3 a5 10. Bd2 O-O 11. g3 Qg4 12. Be2 Bf3 13. h3 Qf5 14. g4 Qf6
15. Rg1 Bxe2 16. Kxe2 Nc6 17. f4 Qg6 18. Nb5 a4 19. Qd3 Qxd3+ 20. Kxd3 Bxd2 21.
Kxd2 Na5 22. Kd3 Rfc8 23. e4 Kf8 24. Rgb1 Ke7 25. b4 axb3 26. axb3 c6 27. Nc3
Nb7 28. b4 Kd8 29. e5 Kc7 30. Ne4 d5 31. cxd5 cxd5 32. Nc3 Kc6 33. Rc1 Kd7 34.
Rxa8 Rxa8 35. Nb5 Rc8 36. Ra1 Rb8 37. Ra7 Kc6 38. Nc3 f6 39. f5 fxe5 40. dxe5
exf5 41. gxf5 Rf8 42. Ne2 Kc7 43. Nd4 Re8 44. Ne6+ Kb8 45. Ra8+ Kxa8 46. Nc7+
Kb8 47. Nxe8 g5 48. Nf6 1-0

[Event "CAN-op"]
[Site "Quebec CAN"]
[Date "2018.07.09"]
[Round "4.1"]
[White "Sambuev, Bator"]
[Black "Chiku-Ratte, Olivier-Kenta"]
[Result "1-0"]
[WhiteElo "2514"]
[BlackElo "2278"]
[PlyCount "57"]
[EventDate "2018.07.07"]
[EventType "swiss"]
[EventRounds "9"]
[EventCountry "CAN"]

1. g3 g6 2. Bg2 Bg7 3. e4 c5 4. Ne2 Nc6 5. O-O d6 6. h3 e5 7. Nbc3 Nge7 8. d3
O-O 9. f4 Be6 10. Nd5 Qd7 11. Kh2 f5 12. c3 c4 13. dxc4 fxe4 14. g4 h5 15. gxh5
gxh5 16. Rg1 h4 17. Bxe4 Bxh3 18. Rg5 Be6 19. Qg1 Nf5 20. Bd2 Nh6 21. f5 Bxf5
22. Rxg7+ Qxg7 23. Bxh6 Qxg1+ 24. Rxg1+ Kh7 25. Bxf8 Rxf8 26. Rf1 Kg6 27. Ng1
Rf7 28. Rxf5 Rxf5 29. Nf3 1-0